=LDR 00000nam 2200000 4500 =001 NUTBA000000000003880 =005 20140828110204.0 =006 =007 =008 =020 ##$$a 979-489-232-9 =035 ##$$a 0010-081400000000725 =040 ##$$a NBPDMAT =082 ##$$a 028.5 =090 ##$$a 028.5 $b Bob r =100 ##$$a Bobbie Whitcombe =245 ##$$a Reptilia / $c Bobbie Whitcombe ; alih bahasa, Haryunani K =260 ##$$a Jakarta : $b Penebar Swadaya, $c 2009 =300 ##$$a 18 hlm. : $b ilus. ; $c 26 cm. =650 ##$$a Bacaan kanak-kanak =990 ##$$a 21408627 =990 ##$$a 0001/BPAP-NTB/20142014 =990 ##$$a 0001/BPAP-NTB/20142014 =990 ##$$a 0001/BPAP-NTB/20142014 =990 ##$$a 0001/BPAP-NTB/20142014 =990 ##$$a 0001/BPAP-NTB/20142014